000 01150nam a22002415i 4500
001 156513
003 ES-MaACL
005 20250905131643.0
008 990203s1830 sp f |||| | spa d
040 _aCCPB | B
_bspa
_cCCPB | B
100 1 _aJuras Reales, Luis José María Moxó
_cBarón de.
_9128403
245 1 3 _aEl príncipe y su pueblo ó Deberes del pueblo español hácia su legítimo rey el señor D. Fernando 7º /
_cpor el Barón de juras Reales.
260 _aBarcelona :
_b[s.n.],
_c1830 (
_fImprenta de José Torner)
300 _a[6], 139 p., [1] h. de lám. ;
_c20 cm.
530 _aDisponible en formato digital.
599 _aLa h. de lámina es un grabado calcográfico firmado por: "B. Planella lo dib., J. Amills lo gr."
600 0 4 _aFernando
_bVII,
_cRey de España
_950206
651 4 _aEspaña-
_xHistoria-
_y1814-1833, Fernando VII
_98248
700 1 _aPlanella, Buenaventura,
_d1772-1844
_9155653
852 _aES-MaACL
_jT-1467-F-7
_z-- Enc. hol.
_z-- Enc. en un vol. facticio
856 _uhttp://bdh-rd.bne.es/viewer.vm?id=0000147213&page=1
_zBiblioteca Digital Hispánica
999 _c156513
_d156513